00355nam a22001337a 4500003000900000005001700009008004100026020001500067040002200082100002000104245003700124260003300161300002700194DO-SdBNP20171212113613.0161031b xxu||||| |||| 00| 0 spa d a9501106829 aBPMSUbspacBPMSU aWalpole, Brenda aAgua / cTexto de Brenda Walpole a[s. n] : bSigmar , c[s. f] a38 p. : bil. :c27 cm